| 000 | 00454nam a2200169Ia 4500 | ||
|---|---|---|---|
| 005 | 20250508163709.0 | ||
| 008 | 008 250505s9999 xx 000 0 hin d | ||
| 037 | _aTextual | ||
| 040 |
_aFEDL _beng _cFEDL |
||
| 041 |
_ahin _2eng |
||
| 084 |
_a301, PAN _qFEDL |
||
| 100 |
_aPandey Bishambarnath _9776022 |
||
| 245 | 0 | _aBharat aur manav sanskriti. Vol.1,2 | |
| 650 | _aSociology | ||
| 942 |
_cTEXL _h301, PAN |
||
| 999 |
_c1384765 _d1384765 |
||